000 01052cam a2200301 a 4500
999 _c234831
_d234831
001 16939312
003 Nust
005 20170330211945.0
008 110829s2012 nyu 000 1 eng
010 _a 2011032692
020 _a9780593056844
040 _aDLC
_cDLC
_dDLC
043 _an-us-ca
050 0 0 _aPS3569.T33828
_bF75 2012
082 0 0 _a813.54
_bSTE
100 1 _aSteel, Danielle.
245 1 0 _aFriends forever :
_ba novel /
_cDanielle Steel.
250 _a1st ed.
260 _aNew York :
_bDelacorte Press,
_c2012.
300 _a308 p. ;
_c25 cm.
650 0 _aFriendship
_vFiction.
650 0 _aBoarding schools
_vFiction.
650 0 _aUpper class
_vFiction.
655 7 _aBildungsromans.
_2gsafd
906 _a7
_bcbc
_corignew
_d1
_eecip
_f20
_gy-gencatlg
942 _2ddc
_cBK